[Event "World Amateur-ch"]
[Site "Iasi"]
[Date "2013.04.29"]
[Round "8"]
[White "Lazar, Ciprian Ioan"]
[Black "Sandhya, Goli"]
[Result "1/2-1/2"]
[WhiteElo "1958"]
[BlackElo "1769"]
[PlyCount "81"]
[EventDate "2013.04.22"]
[EventType "swiss"]
[EventRounds "9"]
[EventCountry "ROU"]
[SourceTitle "CBM 154 Extra"]
[Source "ChessBase"]
[SourceDate "2013.06.25"]
[SourceVersion "2"]
[SourceVersionDate "2013.06.25"]
[SourceQuality "1"]

1. Nf3 Nf6 2. d4 g6 3. Nc3 d5 4. e3 Bg7 5. Bd3 0-0 6. 0-0 Re8 7. h3 Nbd7 8. b4 e5 9. dxe5 Nxe5 10. Nxe5 Rxe5 11. Bb2 Rg5 12. f4 Rg3 13. Rf3 Rxf3 14. Qxf3 Ne4 15. Bxe4 dxe4 16. Qxe4 c6 17. Rd1 Qf8 18. Na4 Bxb2 19. Nxb2 Bf5 20. Qc4 Re8 21. Qc3 Qe7 22. Re1 Qh4 23. Nd1 Bxc2 24. Nf2 Be4 25. Nxe4 Rxe4 26. a3 Rc4 27. Qxc4 Qxe1+ 28. Kh2 Qxe3 29. a4 h5 30. b5 cxb5 31. axb5 Qe6 32. Qd4 Qf5 33. Qc4 Qe6 34. Qd4 a6 35. b6 a5 36. Qc5 Qe4 37. Qxa5 Qxf4+ 38. Kg1 Qe4 39. Qc5 Qe1+ 40. Kh2 Qe4 41. Kg1 1/2-1/2

[Event "World Amateur-ch"]
[Site "Iasi"]
[Date "2013.04.27"]
[Round "6"]
[White "Lazar, Ciprian Ioan"]
[Black "Velez Alvarez, Laura Camila"]
[Result "1-0"]
[WhiteElo "1958"]
[BlackElo "1775"]
[PlyCount "83"]
[EventDate "2013.04.22"]
[EventType "swiss"]
[EventRounds "9"]
[EventCountry "ROU"]
[SourceTitle "CBM 154 Extra"]
[Source "ChessBase"]
[SourceDate "2013.06.25"]
[SourceVersion "2"]
[SourceVersionDate "2013.06.25"]
[SourceQuality "1"]

1. Nf3 Nf6 2. Nc3 g6 3. e4 d6 4. d4 Bg7 5. Bc4 0-0 6. 0-0 Nxe4 7. Bxf7+ Rxf7 8. Nxe4 Bg4 9. Neg5 Rf8 10. c3 d5 11. h3 Bxf3 12. Nxf3 Qd6 13. Qe2 Nd7 14. Bg5 e5 15. dxe5 Nxe5 16. Nxe5 Bxe5 17. Rae1 Rae8 18. Qb5 b6 19. f4 c6 20. fxe5 Rxe5 21. Qa4 Rxg5 22. Qxa7 Qc5+ 23. Kh1 Rgf5 24. Rxf5 Rxf5 25. Re8+ Rf8 26. Rxf8+ Kxf8 27. Qxh7 Qf2 28. Qxg6 Qxb2 29. Qf6+ Kg8 30. Kh2 c5 31. h4 d4 32. cxd4 cxd4 33. h5 Qe2 34. h6 Qg4 35. Qg7+ Qxg7 36. hxg7 Kxg7 37. Kg3 Kf6 38. Kf4 d3 39. Ke3 d2 40. Kxd2 Kf5 41. Kd3 Kf4 42. Kc4 1-0

[Event "World Amateur-ch"]
[Site "Iasi"]
[Date "2013.04.25"]
[Round "4"]
[White "Lazar, Ciprian Ioan"]
[Black "Simsek, Hakki Kaan"]
[Result "1/2-1/2"]
[WhiteElo "1958"]
[BlackElo "1805"]
[PlyCount "265"]
[EventDate "2013.04.22"]
[EventType "swiss"]
[EventRounds "9"]
[EventCountry "ROU"]
[SourceTitle "CBM 154 Extra"]
[Source "ChessBase"]
[SourceDate "2013.06.25"]
[SourceVersion "2"]
[SourceVersionDate "2013.06.25"]
[SourceQuality "1"]

1. Nf3 Nf6 2. Nc3 c5 3. e4 Nc6 4. Bc4 e6 5. 0-0 a6 6. a4 Qc7 7. d3 Be7 8. Bg5 0-0 9. h3 Rd8 10. Qe1 Nb4 11. e5 Nxc2 12. Qd1 Nxa1 13. exf6 Bxf6 14. Bxf6 gxf6 15. Qxa1 d5 16. Bb3 Bd7 17. Qc1 Kg7 18. Nh2 h5 19. Bd1 Rh8 20. Bf3 b5 21. axb5 axb5 22. Qd1 b4 23. Ne2 f5 24. Qd2 f6 25. Rc1 Qe5 26. Rxc5 Ra1+ 27. Nf1 Ba4 28. d4 Qd6 29. Nf4 h4 30. Rc7+ Bd7 31. Rc5 Rb8 32. Be2 b3 33. Rc3 Rb4 34. g3 Raa4 35. Nh5+ Kg6 36. Qf4 Qxf4 37. Nxf4+ Kf7 38. Rc7 Ke7 39. Nd3 Kd6 40. Rc3 Rxd4 41. Rxb3 e5 42. Rb6+ Bc6 43. Ne3 Kc7 44. Rb3 e4 45. Nf4 Rd2 46. gxh4 Ra2 47. Bb5 Raxb2 48. Rxb2 Rxb2 49. Bxc6 Kxc6 50. Nfxd5 Rb1+ 51. Kg2 Kd6 52. Nc3 Rc1 53. Nxf5+ Ke5 54. Ne2 Rc8 55. Neg3 Kf4 56. Nd6 Rg8 57. Ndxe4 f5 58. Nd6 Ke5 59. Ndxf5 Kf4 60. h5 Rh8 61. h6 Rh7 62. h4 Rh8 63. Kh3 Rh7 64. h5 Rh8 65. Kg2 Rh7 66. Kf1 Kf3 67. Ke1 Rd7 68. Ne3 Ra7 69. Ngf5 Rd7 70. Nh4+ Kf4 71. Ke2 Kg5 72. Nhf5 Kxh5 73. f4 Kg6 74. Kf3 Ra7 75. Ke4 Ra4+ 76. Ke5 Ra1 77. Ke4 Ra4+ 78. Kf3 Ra1 79. Kg4 Rg1+ 80. Ng3 Kxh6 81. Nef1 Rg2 82. Kf5 Rf2 83. Ne3 Rxf4+ 84. Kxf4 Kg6 85. Ng4 Kf7 86. Kf5 Ke7 87. Ne4 Kd7 88. Ke5 Kc6 89. Ne3 Kd7 90. Kd5 Kc7 91. Nc5 Kb6 92. Nc2 Kc7 93. Na3 Kb6 94. Kd6 Ka5 95. Nc2 Kb5 96. Kd5 Kb6 97. Nd4 Kc7 98. Na4 Kd7 99. Nf5 Kc7 100. Kc5 Kd7 101. Kd5 Kc7 102. Ne7 Kd7 103. Nc6 Kc7 104. Ne5 Kb7 105. Kc5 Kc7 106. Nb6 Kb7 107. Nf3 Kc7 108. Ne5 Kb7 109. Nec4 Kc7 110. Nd6 Kd8 111. Nd5 Kd7 112. Nf4 Ke7 113. Ne4 Kd7 114. Kb6 Kc8 115. Kc6 Kd8 116. Kd6 Ke8 117. Ng5 Kd8 118. Nfe6+ Ke8 119. Ng7+ Kf8 120. Nh5 Ke8 121. Ng3 Kd8 122. Nf5 Kc8 123. Kc6 Kd8 124. Nf7+ Ke8 125. Ne5 Kd8 126. Kb7 Ke8 127. Kc7 Kf8 128. Kd7 Kg8 129. Ke7 Kh7 130. Kf7 Kh8 131. Nh4 Kh7 132. Ng4 Kh8 133. Ng6+ 1/2-1/2